MDQL
is popping MORE tags! Check the
thread
!
Quizzes
Events
Quiz Creation
Community
Videos
Private Events
Remove Ads
Sign In
Join for FREE
Feedback
Dark Mode
Quiz Categories
Sports
Geography
Music
Movies
Television
Just For Fun
Miscellaneous
History
Literature
Language
Science
Gaming
Entertainment
Religion
Holiday
For Kids
Quiz Lab
Recent
Popular Today
Quiz Kudos Today
Editor Picks
Curator Picks
Quizzes by...
Day
Popularity
Type
Ratings
Length
Year
Community
Subscriptions
Recent Discussions
Orange Saloon
Badges
Playlists
Quests
Create
Leaderboards
Showdown
Live 5
Trivia Bingo
Activity
Puzzle Library
Sporcle Events
Private Events
Virtual Trivia
Globe League
Become a Host
Pub Owners
SporcleCon
Opinionation
Our Games
Videos
Blog
Mobile Apps
Partnerships
Remove Ads and Go Orange
Feedback
Sports
Athletes
MLB
NBA
NHL
NFL
Soccer
Sports Teams
WWE
NCAA
Football
Premier League
Basketball
Baseball
Hockey
Golf
Tennis
Cricket
Rugby
Auto Racing
Olympics
World Cup
Sports
Athletes
MLB
NBA
NHL
NFL
Soccer
Sports Teams
WWE
NCAA
Football
Premier League
Basketball
Baseball
Hockey
Golf
Tennis
Cricket
Rugby
Auto Racing
Olympics
World Cup
Random Quiz
Search Sporcle
×
Quiz Lab
Quiz Lab
Sports
National Championship
Type in answers that appear in a list
Type in answers that appear in a list
Classic
Best Score? Go Orange.
Irish Cycling Champions Stats
Can you name the Irish Cycling Champions?
By
nielsongena1
10m
24 Questions
270 Plays
270 Plays
270 Plays
Comments
Comments
Give Quiz Kudos
Give Quiz Kudos
-
- Ratings
hide this ad
Replay
Link that replays current quiz
Next Quiz
Link to next quiz in quiz playlist
You Got
0%
They Got
Avg Score
26%
Avg Friend Score
Upgrade to see
Score Distribution
Jump to the score distribution portion of the page
Score
0/24
Timer
10:00
0
Plays Today
Year
Answer
% Correct
2009
Nicolas Roche
94.4%
2016
Nicolas Roche
94.1%
2008
Daniel Martin
86.7%
2019
Sam Bennett
81.1%
2017
Ryan Mullen
38.9%
2014
Ryan Mullen
37%
2020
Ben Healy
33.7%
2010
Matt Brammeier
26.7%
2011
Matt Brammeier
26.7%
2012
Matt Brammeier
26.7%
2013
Matt Brammeier
26.7%
2018
Conor Dunne
21.8%
Year
Answer
% Correct
2002
Mark Scanlon
15.9%
2003
Mark Scanlon
15.9%
2000
David McCann
10%
2001
David McCann
10%
2006
David McCann
10%
2004
David O'Loughlin
9.6%
2005
David O'Loughlin
9.6%
2007
David O'Loughlin
9.6%
1997
Morgan Fox
5.9%
2015
Damien Shaw
4.8%
1998
Raymond Clarke
3.7%
1999
Tommy Evans
3.7%
Quiz Playlist
Details
Report
Send in Message
Add To Playlist
Classic:
Type in answers that appear in a list
Last Updated: Feb 4, 2020
Quiz Scoreboard
CHALLENGE
Sign Up to Join the Scoreboard
Show All
Scores
Hide
Comments
May contain spoilers
Recently Published
Image Sorting: Flags VI
by Barbecue
Geography
2m
Find the 'City' Movie
by crazypaving
Movies
60s
Colored Red Africa Blitz
by spor1
Geography
45s
More to Explore
Quiz From the Vault
Featured Blog Post
14 Easter Pick-up Lines to Find Eggs With
hide this ad
You Might Also Like...
Tags
Championship Winners
Cycling
Cycling Team
Ireland
irish
National Championship
National Championships
uci
UCI Cycling
UCI Overall
UCI Road
Today's Top Quizzes in Sports
Browse Sports
hide this ad
Today's Top Quizzes in National Championship
Browse National Championship
Top Contributed Quizzes in Sports
1
Les meilleurs buteurs des matchs entre le PSG et l’OM
2
Les entraîneurs de l'OM et du PSG au 21e siècle
3
Les joueurs passés par le PSG et l'OM
4
2022 World Cup Stars
5
Players with Multiple 50 Home Run Seasons
6
Criteria MLB: Left Handed Sluggers
7
Les joueurs passés par le LOSC et le RC Lens
8
NBA Logic Puzzle 2.0
9
MLB Players with Two .350 Batting Average Seasons
10
FIFA Club World Cup Champions
Explore More
Trending Topics
Crossword
Disney
Harry Potter
Marvel
Kpop
Anime
NBA
Pokémon
Country
Song
The Office
WWE
NFL
Soccer
Puzzle
hide this ad
More By:
nielsongena1
Quiz
Plays
Rating
Category
Featured
Created
Cycling: Monument Winners Since 1960
12,778
5.00
Sports
Dec 3, 2016
100 Greatest Road Cyclists of All Time
6,169
4.63
Sports
Jun 8, 2016
Cycling: World Championship Podium Since 1927
5,320
5.00
Sports
Jan 22, 2016
Cycling: Top Cyclists of All Time per Country
3,909
4.00
Sports
Jan 17, 2016
Cycling: Velo d'Or top 3
3,729
5.00
Sports
Aug 21, 2015
Go to Creator's Profile
Score Distribution
Quiz Creator Spotlight
nielsongena1
Follow
Send a Message
Quizzes Created
-
Created Quiz Play Count
-
More By This Creator
Popular Quizzes Today
1
Colored Red Africa Blitz
2
Find the US States - No Outlines Minefield
3
Find the 'City' Movie
4
5x2 Blitz: Bands
5
The Countries of the World
6
Find the US States
7
Find the Countries of Europe - No Outlines Minefield
8
US States
More Sports Quizzes
NBA Alma Maters
Published
Trending Quizzes
Colored Red Europe Blitz I
Colored Red Europe Blitz II
Colored Red Africa Blitz II
Colored Red Europe Blitz III
Colored Red Africa Blitz III
Recently Updated
How Do You Spell That?
pecheneg
Godzilla Movies
pecheneg
Grab Bag: 4-10 Letters
pecheneg
2024 March Madness Bracket
pecheneg
Famous TV Couples
Peacemaker
Champions League XIs: Real Madrid
pecheneg
Largest US Cities 1790-2010
pecheneg
Rides in Walt Disney World
pecheneg
Most Oscar Losses (Acting)
pecheneg
Beyoncé Albums
pecheneg
Trending Topics
Marvel
Kpop
Disney
NBA
Harry Potter
Anime
Crossword
Pokémon
Country
Puzzle
The Office
Song
WWE
NFL
Soccer
Your Account Isn't Verified!
In order to create a playlist on Sporcle, you need to verify the email address you used during registration. Go to your
Sporcle Settings
to finish the process.
Report this User
Report this user for behavior that violates our
Community Guidelines
.
Details:
Send Report
Go to the Sporcle.com Mobile Site →
Comments